=LDR 00000nam 2200000 4500 =001 INLIS000000000036930 =005 20140324152559.0 =006 =007 =008 Ind =035 ##$$a 0010-061300000036930 =041 ##$$a Ind =082 ##$$a 574.076 =090 ##$$a 574.076, Ism b =100 ##$$a Ismail, Mokhamad =245 ##$$a bahas tuntas 1001 soal biologi SMP, Mokhamad Ismail ; penyunting, Dedy GNR =260 ##$$a 2010 $b Jakarta =300 ##$$a 181 hlm, ilus, 30 cm =650 ##$$a Biologi-Soal-soal dan pembahasan =700 ##$$a Ismail, Mokhamad =850 ##$$a NBPNMAT =990 ##$$a 94519/BPAP-NTB/2014 =990 ##$$a 94520/BPAP-NTB/2014 =990 ##$$a 21194744/BPAP-NTB/2014